Buda, Pest és Óbuda polgári lakossága 1547-ben és 1580-ban

Elmentve itt :
Bibliográfiai részletek
Szerző: Fekete Lajos
Dokumentumtípus: Cikk
Megjelent: 1939
Sorozat:Tanulmányok Budapest múltjából
Kulcsszavak:Társadalomtörténet - Magyarország - regionális - 1547-1580, Budapest története - 16. sz.
Tárgyszavak:
Online Access:http://misc.bibl.u-szeged.hu/67411
LEADER 00826nab a2200217 i 4500
001 misc67411
005 20221017144140.0
008 220321s1939 hu o 0|| hun d
040 |a SZTE Miscellanea Repozitórium  |b hun 
041 |a hun 
100 1 |a Fekete Lajos 
245 1 0 |a Buda, Pest és Óbuda polgári lakossága 1547-ben és 1580-ban  |h [elektronikus dokumentum] /  |c  Fekete Lajos 
260 |c 1939 
300 |a 23 p.  |c 27 cm 
490 0 |a Tanulmányok Budapest múltjából 
561 |a Németh Gyula hagyaték 
591 |a XKEK 2951 
650 4 |a Bölcsészettudományok 
650 4 |a Történettudomány és régészet 
695 |a Társadalomtörténet - Magyarország - regionális - 1547-1580, Budapest története - 16. sz. 
856 4 0 |u http://misc.bibl.u-szeged.hu/67411/1/1608_noa_f38.pdf  |z Dokumentum-elérés